The magic school bus and the climate challenge / (Record no. 4889)

MARC details
000 -LEADER
fixed length control field 01003nam a22003017a 4500
001 - CONTROL NUMBER
control field 4889
003 - CONTROL NUMBER IDENTIFIER
control field FISKH
005 - DATE AND TIME OF LATEST TRANSACTION
control field 20241023094004.0
008 - FIXED-LENGTH DATA ELEMENTS--GENERAL INFORMATION
fixed length control field 241023b cb ||||| |||| 00| 0 eng d
020 ## - INTERNATIONAL STANDARD BOOK NUMBER
International Standard Book Number 9780545655996
040 ## - CATALOGING SOURCE
Original cataloging agency FISKH
Language of cataloging eng
Transcribing agency FISKH
Modifying agency FISKH
050 ## - LIBRARY OF CONGRESS CALL NUMBER
Classification number QC981.C645
082 ## - DEWEY DECIMAL CLASSIFICATION NUMBER
Classification number 551.6
100 ## - MAIN ENTRY--PERSONAL NAME
Personal name Cole, Joanna
Dates associated with a name (1944–2020)
245 ## - TITLE STATEMENT
Title The magic school bus and the climate challenge /
Statement of responsibility, etc. By Joanna Cole Illustrated by Bruce Degen
250 ## - EDITION STATEMENT
Edition statement The edition first printing in 2014.
260 ## - PUBLICATION, DISTRIBUTION, ETC.
Place of publication, distribution, etc. New York :
Name of publisher, distributor, etc. Scholastic,
Date of publication, distribution, etc. 2014.
300 ## - PHYSICAL DESCRIPTION
Extent 36 pages :
Other physical details Color illustrations ;
Dimensions 22 cm.
505 ## - FORMATTED CONTENTS NOTE
Formatted contents note P<br/>
520 ## - SUMMARY, ETC.
Summary, etc. Ms. Frizzle takes her kids on a whirlwind tour, from the Arctic to the equator so they can see telltale signs of climate change.
521 8# - TARGET AUDIENCE NOTE
Target audience note 610L<br/>
Source Lexile<br/>
521 8# - TARGET AUDIENCE NOTE
Target audience note P<br/>
Source Raz-Plus<br/>
650 ## - SUBJECT ADDED ENTRY--TOPICAL TERM
Source of heading or term Non-fiction
Topical term or geographic name entry element Magic School Bus
650 ## - SUBJECT ADDED ENTRY--TOPICAL TERM
Source of heading or term Science
Topical term or geographic name entry element Environment
700 ## - ADDED ENTRY--PERSONAL NAME
Personal name Degen, Bruce
Dates associated with a name Illustrator
942 ## - ADDED ENTRY ELEMENTS (KOHA)
Source of classification or shelving scheme Dewey Decimal Classification
Koha item type Books
Suppress in OPAC No
Holdings
Withdrawn status Lost status Source of classification or shelving scheme Damaged status Not for loan Collection Home library Current library Shelving location Date acquired Total Checkouts Full call number Barcode Date last seen Date last checked out Copy number Price effective from Koha item type
    Dewey Decimal Classification     Non-Fiction Footprints International School Library Network Toul Kork Campus Footprints International School Library Network Toul Kork Campus A TK Campus, 4th Floor, Room B401, Non-Fiction Bookcases(7-8) 10/23/2024 1 COL 551.6 QC981.C645 2024-2200 03/14/2025 12/09/2024 1 10/23/2024 Books